000 00838 a2200241 4500
003 Nust
005 20221202110218.0
010 _a 83021743
020 _a0471805157 (pbk.)
020 _a0471866261 :
040 _cNust
082 0 0 _a621.38153,COL
100 1 _aColclaser, Roy A.
_9103986
245 1 0 _aElectronic circuit analysis :
_bbasic principles /
_cRoy A. Colclaser, Donald A. Neamen, Charles F. Hawkins.
260 _aNew York :
_bWiley,
_cc1984.
300 _axviii, 574 p. :
_bill. ;
_c24 cm.
505 _aIntroduction to Device Concepts (Page-1), Digital Electronics (Page-143), Analog Electronics (Page-305).
650 0 _aElectronic apparatus and appliances.
_910193
650 0 _aTelecommunication Engineering
700 1 _aHawkins, Charles F.
_9103987
700 1 _aNeamen, Donald A.
_959734
942 _2ddc
_cBK
999 _c180885
_d180885